000 00288nam a2200109Ia 4500
001 1263862
005 20260417141927.0
008 260417s9999 xx 000 0 und d
020 _a9786257014793
245 0 _aCopernicus, Kant ve Düşüncenin Modernliği
260 _bKetebe Yayınları
999 _c1263862
_d1263862